Florida Cities Quiz Stats

 Plays Quiz Updated Sep 25, 2018

Support Sporcle.
Go Orange.
Score 0/20 Timer 06:00
16 Plays Today
Rank City % Correct
2Miami
98.7%
4Orlando
94.1%
3Tampa
88.3%
1Jacksonville
84.5%
7Tallahassee
82.9%
10Fort Lauderdale
63.8%
6St. Petersburg
57.5%
14Gainesville
41.3%
16Clearwater
27%
12Hollywood
23.7%
Rank City % Correct
5Hialeah
22.9%
8Port St. Lucie
17.6%
20West Palm Beach
13.3%
11Pembroke Pines
12.5%
18Palm Bay
11.9%
9Cape Coral
11.5%
15Coral Springs
10.7%
17Miami Gardens
9.8%
19Pompano Beach
9.1%
13Miramar
7%

You're not logged in!

Compare scores with friends on all Sporcle quizzes.
OR
Log In

From the Vault

Clicking Colors of Google

by naqwerty3

Let's see just how close you've been paying attention to the internet.
Remove Ads.
Support Sporcle.
Get the best of Sporcle when you Go Orange. This ad-free experience offers more features, more stats, and more fun while also helping to support Sporcle. Thank you for becoming a member.

Show Comments

Extras

Top Quizzes Today


Score Distribution

Your Account Isn't Verified!

In order to create a playlist on Sporcle, you need to verify the email address you used during registration. Go to your Sporcle Settings to finish the process.

Report this User

Report this user for behavior that violates our Community Guidelines.

Details: